Beiträge zur maschinellen Sprachdatenverarbeitung.

Uložené v:
Podrobná bibliografia
Ďalší autori: Zenker, Ludwig (Editor)
Médium: Kniha
Jazyk:German
Vydané: Berlin : Akademie-Verlag, 1973.
Fyzický popis: 168 strán.
Tagy: Pridať tag
Žiadne tagy, Buďte prvý kto otaguje tento záznam!

MARC

LEADER 00000nam a22000002i 4500
001 000670708
005 20211105092429.0
008 211105s1973 gw e 000 0 ger d
020 |c Kčs 52,00  |q (viazané) 
040 |a SVKKK  |b slo  |c SVKKK  |e rda 
245 1 0 |a Beiträge zur maschinellen Sprachdatenverarbeitung. 
264 1 |a Berlin :  |b Akademie-Verlag,  |c 1973. 
300 |a 168 strán. 
336 |a text  |b txt  |2 rdacontent 
337 |a bez média  |b n  |2 rdamedia 
338 |a zväzok  |b nc  |2 rdacarrier 
500 |a Záznam revízie 
700 1 |a Zenker, Ludwig  |4 edt 
910 |a svkkk 
998 |a BK 
090 |g SCKHL  |k Sklad Pribinova 2. posch.  |a III.106302  |j 508618  |i 2720683549  |s Absenčne